000 00419pab a2200169 454500
008 180718b2013 xxu||||| |||| 00| 0 eng d
100 _aBiju, B.L.
245 _aAngels are turning red: Nurses' strikes in Kerala
260 _c2013
300 _ap.25-28.
362 _a28 Dec
650 _aStrike
650 _aParamedical personnel
773 _aEconomic and Political Weekly
908 _aN
909 _a103363
999 _c103359
_d103359